00420 2200169 4500245004400000020002200044250001500066100000900081700003100090650001900121005001900140260003100159041001400190084001100204300002600215336000900241 aPemeliharaan Terumbu KarangcIyamhText a978-979-1493-14-7 aEd. Revisi aIyam aTim Penyunting Titian Ilmu aTerumbu Karang a20230307113037 aBandungbTitian Ilmuc2013 aIndonesia a551.42 avi, 98 hlm. :c21 cm. atext